000 01616cam a2200385 a 4500
001 19531
003 BD-RjUL
005 20211209000439.0
008 140224s1567 enk 000 0 eng d
035 _aBD-RjUL)19591
035 _a(CStRLIN)PAUG93-B4305
040 _aCStRLIN
_edcrb
_cIEN
_dIEN
_dCStRLIN
_dPU
_dDLC
_dDLC
_dBD-RjUL
_beng
041 1 _aeng
_hlat
082 0 4 _a822.33
_bOVX 1961
100 0 _aOvid,
_d43 B.C.-17 A.D. or 18 A.D.
_959998
245 1 4 _aThe XV bookes of P. Ouidius Naso, entytuled Metamorphosis /
_ctranslated oute of Latin into English meeter by Arthur Golding, Gentleman ; a worke very pleasaunt and delectable.
246 3 _a15 bookes of P. Ouidius Naso, entytuled Metamorphosis
246 3 _aFifteen bookes of P. Ouidius Naso, entytuled Metamorphosis
246 3 _aXV books of P. Ovidius Naso, entitled Metamorphosis
260 _aImprynted at London :
_a London :
_bCentaur press ,
_c1567.
_c1961
300 _avi,321p. ;
_c21 cm. (4to)
500 _aSignatures: a-b⁴ A⁴ B-Y⁸ 2A-2D⁸.
500 _aTitle vignette (badge of Robert Dudley, Earl of Leicester, to whom the book is dedicated)
500 _aNumerous errors in foliation.
510 4 _aSTC (2nd ed.)
_c18956
650 0 _aEnglish literature -- Early modern
_959999
700 1 _aGolding, Arthur,
_d1536-1606.
_960000
700 1 _aSeres, William,
_d-approximately 1579,
_eprinter.
_960001
710 2 _aEnglish Printing Collection (Library of Congress)
_5DLC
_960002
752 _aEngland
_dLondon
942 _2ddc
_cBK
999 _c19531
_d19531